000 00346nam a22001457a 4500
008 230717b ||||| |||| 00| 0 eng d
020 _a9780131836129
041 _aeng
080 _a159.9
082 _a159.9BER
100 _a25
101 _aPSI
245 _aTHE PSYCHOLOGY OF INTERPERSONAL RELATIONSHIPS
_cBERSCHEID . E
942 _2udc
_cBK
999 _c60138
_d60138